|
|
|
|
| LEADER |
01327cam a2200325Ia 4500 |
| 001 |
9780203645093 |
| 003 |
FlBoTFG |
| 005 |
20091230162920.0 |
| 006 |
a|||||s||||||||||| |
| 007 |
cr|||| |
| 008 |
040113s2004 enk sb 001 0 eng d |
| 020 |
|
|
|a 9780203645093 (e-book : PDF)
|
| 040 |
|
|
|a FlBoTFG
|c FlBoTFG
|d GrThAP
|
| 043 |
|
|
|a e------
|
| 090 |
|
|
|a B517
|b .S65 2004
|
| 092 |
|
|
|a 186.4
|b S642
|
| 100 |
1 |
|
|a Smith, Andrew,
|d 1945-
|
| 245 |
1 |
0 |
|a Philosophy in late antiquity
|h [electronic resource] /
|c Andrew Smith.
|
| 260 |
|
|
|a London ;
|a New York :
|b Routledge,
|c 2004.
|
| 300 |
|
|
|a xi, 151 p.
|
| 504 |
|
|
|a Includes bibliographical references and index.
|
| 505 |
0 |
|
|a The individual -- The one -- Intellect -- Soul, the universe, and matter -- The return of the soul -- The diffusion of Neoplatonism -- Philosophy and religion -- The development of Neoplatonism -- Neoplatonism and Christianity.
|
| 530 |
|
|
|a Also available in print edition.
|b CRC Press (http://www.crcpress.com)
|
| 538 |
|
|
|a Mode of access: World Wide Web.
|
| 650 |
|
0 |
|a Neoplatonism.
|
| 650 |
|
0 |
|a Philosophy and religion
|x History
|y To 1500.
|
| 650 |
|
0 |
|a Christianity
|x Philosophy
|x History
|y To 1500.
|
| 655 |
|
7 |
|a Electronic books.
|2 lcsh
|
| 776 |
1 |
|
|z 9780415225113
|
| 856 |
4 |
0 |
|u http://www.tandfebooks.com/isbn/9780203645093
|z Full Text via HEAL-Link
|